Transfery Wisły K w letnim okienku transferowym 2020/21. - Statystyki

Ogólne statystyki
  • Ten quiz został rozwiązany 19 razy
  • Średni wynik to 5 z 9
Statystyki odpowiedzi
Cena Pozycja Poprzedni klub Piłkarz % Poprawnych
100 tys. Środkowy napastnik Raków Częstochowa Brown Forbes
89%
800 tys. Środkowy obrońca Slavia Praga Frydrych
78%
? Lewy obrońca Radomiak Radom Abramowicz
72%
Za darmo Ofensywny pomocnik NK Olimpija Savic
67%
Za darmo Prawy napastnik CD Numancia Yeboah
67%
Za darmo Środkowy napastnik Maccabi Netanya Beqiraj
50%
Za darmo Środkowy obrońca Desportivo Aves Mehremic
44%
Za darmo Lewy napastnik Escola Varsovia U19 Madembo
11%
200 tys. Środkowy pomocnik Javor-Matis Kuvejlic
0%
Nie znaleziono quizów pasujących do podanych kryteriów
Rozkład punktacji
Procent ludzi z każdym wynikiem
Percentyl według liczby udzielonych odpowiedzi
Twoja historia wyników
Nie rozwiązałeś tego quizu